Famous Paintings - Picture Quiz - Statistics

General Stats
  • This quiz has been taken 3,574 times
  • The average score is 8 of 16
Answer Stats
Picture Hint Answer % Correct
da Vinci Mona Lisa
100%
Munch The Scream
93%
van Gogh The Starry Night
92%
da Vinci The Last Supper
85%
Botticelli The Birth of Venus
75%
Klimt The Kiss
68%
Wood American Gothic
58%
Vermeer Girl with a Pearl Earring
48%
Rembrandt The Night Watch
46%
Michelangelo The Creation of Adam
41%
Goya Saturn Devouring His Son
26%
da Vinci Salvator Mundi
14%
Monet Impression, Sunrise
13%
da Vinci Lady with an Ermine
9%
Van Gogh Café Terrace at Night
8%
Rousseau The Sleeping Gypsy
8%
No matching quizzes found
Score Distribution
Percent of People with Each Score
Percentile by Number Answered
Your Score History
You have not taken this quiz